| 000 | 00715nam a22002295i 4500 | ||
|---|---|---|---|
| 001 | 177845 | ||
| 003 | ES-MaACL | ||
| 005 | 20240202063021.0 | ||
| 008 | 110503s2000 sp |||| | spa d | ||
| 020 | _a84-95192-56-X | ||
| 080 | _a821.134.2-14"19" | ||
| 100 | 1 |
_aMurciano, Carlos, _d1931- _9153351 |
|
| 245 | 1 | 0 |
_aCuaderno de es verger / _cCarlos Murciano. |
| 250 | _a1ª ed. | ||
| 260 |
_aCuenca : _bDiputación Provincial de Cuenca, Cultura, _cimp. 2000. |
||
| 300 |
_a54 p. ; _c21 cm. |
||
| 490 | 1 | _aColección Federico Muelas | |
| 500 | _aPremio Alfonso VIII de Poesía, 2000. | ||
| 830 | 0 |
_aColección Federico Muelas _9190610 |
|
| 852 |
_aES-MaACL _j2296-F-10 |
||
| 999 |
_c177845 _d177845 |
||